<?xml version="1.0" encoding="UTF-8"?>
<marc:record xmlns:marc="http://www.loc.gov/MARC21/slim">
   <marc:leader>00000nam a2200000 a 4500</marc:leader>
   <marc:datafield ind1="1" ind2=" " tag="100">
      <marc:subfield code="a">Stovall, Jim</marc:subfield>
      <marc:subfield code="4">aut</marc:subfield>
      <marc:subfield code="e">Verfasser/-in</marc:subfield>
   </marc:datafield>
   <marc:datafield ind1="1" ind2=" " tag="100">
      <marc:subfield code="a">Stovall, Jim</marc:subfield>
   </marc:datafield>
   <marc:datafield ind1=" " ind2=" " tag="653">
      <marc:subfield code="a">Softcover</marc:subfield>
   </marc:datafield>
   <marc:datafield ind1=" " ind2=" " tag="653">
      <marc:subfield code="a">Karte</marc:subfield>
   </marc:datafield>
   <marc:datafield ind1=" " ind2=" " tag="653">
      <marc:subfield code="a">Alltag/Lebensführung</marc:subfield>
   </marc:datafield>
   <marc:datafield ind1=" " ind2=" " tag="653">
      <marc:subfield code="a">Persönliche Entwicklung</marc:subfield>
   </marc:datafield>
   <marc:datafield ind1="0" ind2="0" tag="245">
      <marc:subfield code="a">Das ultimative Geschenk</marc:subfield>
   </marc:datafield>
   <marc:datafield ind1="0" ind2="0" tag="245">
      <marc:subfield code="c">Jim Stovall. [Übers. aus dem Engl.: Yvonne Pilsl</marc:subfield>
   </marc:datafield>
   <marc:datafield ind1=" " ind2="1" tag="264">
      <marc:subfield code="a">Hinterschmiding</marc:subfield>
      <marc:subfield code="b">Verl. Gute Nachricht</marc:subfield>
      <marc:subfield code="c">2007</marc:subfield>
   </marc:datafield>
   <marc:datafield ind1=" " ind2=" " tag="250">
      <marc:subfield code="a">1. Aufl.</marc:subfield>
   </marc:datafield>
   <marc:datafield ind1="1" ind2=" " tag="520">
      <marc:subfield code="a">Angaben aus der Verlagsmeldung

Das Ultimative Geschenk : Was wärst du bereit zu tun, um eine Milliarde (Dollar) zu erben?Jason Stevens wird es herausfinden The Ultimate Gift / von Jim Stovall

Du und ich bereiten uns gerade vor, gemeinsam eine Reise durch die Seiten dieses Buches zu starten. Ich möchte dir für deine Beteiligung danken, die du gemacht hast und während unserer Reise noch machen wirst.

Ich bin überzeugt, dass du ein anderer Mensch sein wirst, wenn du die letzte Seite von „Das ultimative Geschenk“ liest. Dort angelangt wird unsere gemeinsame Reise beendet sein, aber deine Reise in die Fülle deiner Bestimmung wird gerade erst beginnen.

Wie jede andere Reise, die du jemals gemacht hast, gewinnt sie an Bedeutung, abhängig davon, mit welchen besonderen Menschen du diese Reise erlebt hast. Ich bin mir sicher, dass du dich an wundervolle Ausflüge und Urlaube in der Vergangenheit erinnern kannst. Wenn dir diese angenehmen Gedanken deiner Reisen in Erinnerung kommen, dann geht es dabei nicht nur um dein Reiseziel, sondern auch um die besonderen Menschen und Feunde, die diesen Weg gemeinsam mit dir gegangen sind.

Wenn du „Das ultimative Geschenk“ fertig gelesen und deine Lebensreise ernsthaft begonnen hast, hoffe ich leidenschaftlich, dass du deinen Freunden, Familie und besonderen Menschen in deinem Umfeld, welche deine Lebensreise unbezahlbar machen, von „Das ultimative Geschenk“ erzählst.

Danke, dass du diesen Teil meiner Lebensreise weiterträgst und dass „Das ultimative Geschenk“ und ich als Teil deiner Lebensreise mitreisen dürfen.
Dein
Jim Stovall

Hinweis des Verlegers: Ich kenne Jim Stovall seit Jahren persönlich. Jedes Mal, wenn ich ihm begegnet bin, war ich nachher nicht mehr derselbe. Ich war stärker, entschlossener und dankbarer. Obwohl er selbst blind ist, hat er mir immer wieder die Augen geöffnet. Wenn Sie dieses Buch gelesen haben, werden auch Sie nie mehr derselbe sein. (Karl Pilsl)
</marc:subfield>
   </marc:datafield>
   <marc:datafield ind1=" " ind2=" " tag="020">
      <marc:subfield code="a">9783935760256</marc:subfield>
      <marc:subfield code="9">9783935760256</marc:subfield>
   </marc:datafield>
   <marc:datafield ind1=" " ind2=" " tag="020">
      <marc:subfield code="a">3935760256</marc:subfield>
      <marc:subfield code="9">3935760256</marc:subfield>
   </marc:datafield>
   <marc:datafield ind1=" " ind2=" " tag="041">
      <marc:subfield code="a">ger</marc:subfield>
   </marc:datafield>
   <marc:datafield ind1=" " ind2=" " tag="300">
      <marc:subfield code="a">136 S.</marc:subfield>
   </marc:datafield>
</marc:record>
